Normal view
MARC view
- ISLAMIC HISTORY.ISLAMIC HISTORY-FROM 570 TO 1258 A.D
Entry Topical Term
001 - CONTROL NUMBER
- control field: 68235
003 - CONTROL NUMBER IDENTIFIER
- control field: NUST
005 - DATE AND TIME OF LATEST TRANSACTION
- control field: 20210628204018.0
008 - FIXED-LENGTH DATA ELEMENTS
- fixed length control field: 210628|| aca||aabn | a|a d
040 ## - CATALOGING SOURCE
- Original cataloging agency: NUST
- Transcribing agency: NUST
150 ## - HEADING--TOPICAL TERM
- Topical term or geographic name entry element: ISLAMIC HISTORY.ISLAMIC HISTORY-FROM 570 TO 1258 A.D
670 ## - SOURCE DATA FOUND
- Source citation: Work cat.: (NUST): Mazhar-Ul-Haq 37285, Outlines of islamic history , from 570 to 1258 a.d., 2010
